Báo mạng điện tử : Đặc trưng và phương pháp sáng tạo (Sách chuyên khảo)
Sách nêu rõ kiến thức và kỹ năng hết sức cơ bản của báo mạng điện tử như: lịch sử ra đời và phát triển của báo mạng điện tử; đặc trưng cơ bản của báo mạng điện tử; quy trình sản xuất báo mạng điện tử; công chúng báo mạng điện tử;...
Kaydedildi:
| Yazar: | |
|---|---|
| Diğer Yazarlar: | |
| Materyal Türü: | Kitap |
| Dil: | Vietnamese |
| Baskı/Yayın Bilgisi: |
H.
Chính trị Quốc gia - Sự thật
2014
|
| Konular: | |
| Etiketler: |
Etiketle
Etiket eklenmemiş, İlk siz ekleyin!
|
| Thư viện lưu trữ: | Thư viện Trường Đại học Nam Cần Thơ |
|---|
| LEADER | 01717nam a22002177a 4500 | ||
|---|---|---|---|
| 001 | NCT_58098 | ||
| 008 | 190116b xxu||||| |||| 00| 0 vie d | ||
| 999 | |c 2812 |d 2812 | ||
| 020 | |a 9786045707951 |c 68000 | ||
| 082 | 0 | 4 | |2 23rd ed. |a 070.4 |b Nh304 |
| 100 | 1 | |a Nguyễn Trí Nhiệm |e Chủ biên | |
| 245 | 1 | 0 | |a Báo mạng điện tử : |b Đặc trưng và phương pháp sáng tạo (Sách chuyên khảo) |c Nguyễn Trí Nhiệm, Nguyễn Thị Trường Giang (chủ biên) |
| 260 | |a H. |b Chính trị Quốc gia - Sự thật |c 2014 | ||
| 300 | |a 331 tr. |b Minh họa |c 24cm | ||
| 520 | 3 | |a Sách nêu rõ kiến thức và kỹ năng hết sức cơ bản của báo mạng điện tử như: lịch sử ra đời và phát triển của báo mạng điện tử; đặc trưng cơ bản của báo mạng điện tử; quy trình sản xuất báo mạng điện tử; công chúng báo mạng điện tử; tổ chức diễn đàn báo mạng điện tử; hình ảnh trên báo mạng điện tử; âm thanh trên báo mạng điện tử; video trên báo mạng điện tử... | |
| 653 | |a Quan hệ công chúng (PR) | ||
| 700 | 1 | |a Nguyễn Thị Trường Giang |e Đồng chủ biên | |
| 942 | |2 ddc |c BK | ||
| 952 | |0 0 |1 0 |2 ddc |4 0 |6 070_400000000000000_NH304 |7 0 |9 15303 |a 000001 |b 000001 |d 2019-01-16 |o 070.4 Nh304 |p MD.14010 |r 2019-01-16 |v 68000.00 |w 2019-01-16 |y BK | ||
| 952 | |0 0 |1 0 |2 ddc |4 0 |6 070_400000000000000_NH304 |7 0 |9 15304 |a 000001 |b 000001 |d 2019-01-16 |o 070.4 Nh304 |p MD.14011 |r 2019-01-16 |v 68000.00 |w 2019-01-16 |y BK | ||
| 980 | |a Thư viện Trường Đại học Nam Cần Thơ | ||


